00277nam a2200097Ia 4500008004100000041000800041082001600049100002000065245004700085260004700132240719s9999 xx 000 0 und d aeng a658.787 POR aPorteus, Evan L aFoundations Of Stochastic Inventory Theory aCaliforniabUNIVERSITY PRESS STANFORc2002